| 000 | 01267nam a2200337 a 4500 | ||
|---|---|---|---|
| 001 | 000109411 | ||
| 003 | CHAP | ||
| 005 | 20220329144049.0 | ||
| 008 | 140425s2013 mx a |sm |||||||spa|d | ||
| 010 | _a105873 | ||
| 011 | _a106845 | ||
| 040 | _cCHAP | ||
| 090 | _aTesis | ||
| 100 | 1 |
_aOrtega Santoyo, César Sahid _9126617 |
|
| 245 | 1 | 0 |
_aManejo químico del barrenador de la caña de azucar (Saccharum officinarum) en Tepic, Nayarit. _h[En línea] _cpor César Sahid Ortega Santoyo. |
| 260 |
_aChapingo, Méx. : _bEl autor, _c2013. |
||
| 500 | _aPara ver el contenido del material haga clic en la liga | ||
| 502 | _aTesis (Ing. Agr. Esp. en Parasitología Agrícola) -- UACH. Departamento Parasitología Agrícola | ||
| 590 |
_aBATCH-UPD _b05 _c20141002 _lUCH01 _h0902 |
||
| 590 |
_aE792CSJ _b05 _c20140425 _lUCH01 _h1011 |
||
| 590 |
_aE792CSJ _b05 _c20140425 _lUCH01 _h1014 |
||
| 650 | 1 | 4 |
_aCaña de azúcar _xPlagas. _918636 |
| 650 | 1 | 4 |
_aCaña de azúcar _zNayarit. _918669 |
| 650 | 1 | 4 |
_aDiatraea saccharalis. _932432 |
| 650 | 1 | 4 |
_aInsecticidas _xEfecto en plagas. _958870 |
| 650 | 1 | 4 |
_aInsecticidas _xEfecto en plantas. _958871 |
| 856 |
_aFinding aid _uhttp://10.13.5.2/tesis/sist109411.pdf _zTeclea aquí |
||
| 901 | _aBK | ||
| 942 | _cTESIS | ||
| 942 | _n0 | ||
| 999 |
_c105873 _d105873 |
||